LDR 00756naa#a2200181#i#450# 001 EN\\bibl\126621 005 20260630135548.2 011 ## _a2587-6740 100 ## _a20260615b2026####ek#y0engy0150####ca 102 ## _aRU 200 1# _aStudy of urban reservoirs in the conditions of modern urbanization _eJournal article 210 1# _aMoscow _cElectronic science _d2026 215 ## _a4 с. 608 ## _aJournal article _2local 675 ## _aОпасность или ущерб окружающей природной среде от загрязнений и меры их предупреждения. 502.55 _aРазрушение окружающей среды. 504.056 _z 700 #1 _aSannikova _gNatalia Vladislavovna 700 #1 _aShulepova _gOlga Viktorovna 856 4# _amshj.ru _u